Fuera las manos de Granada. Hoy Granada, ¿y mañana?

Enregistré dans:
Détails bibliographiques
Collectivité auteur: Federación Mundial de la Juventud Democrática
Format: Texte
Publié: Berlín: FMJD
Sujets:
Tags: Ajouter un tag
Pas de tags, Soyez le premier à ajouter un tag!

MARC

LEADER 00000 a a2200000 04500
001 13911
003
040
090 |a 017300  
110 |a Federación Mundial de la Juventud Democrática  
245 |a Fuera las manos de Granada. Hoy Granada, ¿y mañana?  
260 |a Berlín:   |b FMJD  
300 |a 75 ps.  
650 |a MOVIMIENTOS SOCIALES  
650 |a REVOLUCION  
650 |a DEMOCRACIA  
650 |a POLITICA EXTERIOR  
650 |a INTERVENCION EXTRANJERA  
650 |a AGRESION  
650 |a FUERZAS ARMADAS  
650 |a SOLIDARIDAD  
999 |c 5009  |d 5009